[Event "Costa Viola op 3rd"]
[Site "St Eufemia d'Aspromonte"]
[Date "2010.01.03"]
[Round "2"]
[White "Tralongo, Roberto"]
[Black "Mercuri, Delia"]
[Result "0-1"]
[WhiteElo "1419"]
[BlackElo "1517"]
[PlyCount "82"]
[EventDate "2010.01.02"]
[EventType "swiss"]
[EventRounds "7"]
[EventCountry "ITA"]
[SourceTitle "EXT 2011"]
[Source "ChessBase"]
[SourceDate "2010.11.26"]
[SourceVersion "1"]
[SourceVersionDate "2010.11.26"]
[SourceQuality "1"]

1. Nf3 Nc6 2. d4 d5 3. c4 e6 4. Nc3 Nf6 5. Bg5 Be7 6. e3 a6 7. cxd5 exd5 8. Bd3 Nb4 9. Bxf6 Bxf6 10. Qa4+ Nc6 11. 0-0 0-0 12. h3 Be7 13. Qd1 Nb4 14. Bb1 Be6 15. a3 Nc6 16. Qc2 f5 17. Ne5 Nxe5 18. dxe5 Rc8 19. f4 c5 20. Ba2 c4 21. Rad1 Bc5 22. Qd2 b5 23. Kh1 Qb6 24. Rf3 Rcd8 25. Qe2 Rd7 26. Bb1 d4 27. exd4 Bxd4 28. Rg3 g6 29. Rg5 Kh8 30. h4 Rfd8 31. Bc2 Be3 32. Rxd7 Rxd7 33. Nb1 Bxf4 34. g3 Bd5+ 35. Kh2 Bxg5 36. hxg5 Be6 37. Nd2 Qd4 38. Nf3 Qxb2 39. Bd1 c3 40. Qc2 Bd5 41. Nd4 Be4 0-1

[Event "Costa Viola op 3rd"]
[Site "St Eufemia d'Aspromonte"]
[Date "2010.01.02"]
[Round "1"]
[White "Arcidiaco, Francesco"]
[Black "Tralongo, Roberto"]
[Result "1-0"]
[WhiteElo "1608"]
[BlackElo "1419"]
[PlyCount "71"]
[EventDate "2010.01.02"]
[EventType "swiss"]
[EventRounds "7"]
[EventCountry "ITA"]
[SourceTitle "EXT 2011"]
[Source "ChessBase"]
[SourceDate "2010.11.26"]
[SourceVersion "1"]
[SourceVersionDate "2010.11.26"]
[SourceQuality "1"]

1. e4 c5 2. c3 e6 3. Nf3 d6 4. d4 cxd4 5. cxd4 Nf6 6. Nc3 a6 7. Bd3 Be7 8. 0-0 b5 9. a3 Bb7 10. Be3 Nbd7 11. Rc1 Nb6 12. Nd2 Qd7 13. Qe2 Rc8 14. f4 d5 15. e5 Ne4 16. Ncxe4 dxe4 17. Bxe4 Bxe4 18. Nxe4 Nc4 19. Bf2 Qd5 20. Ng3 h5 21. Nxh5 Kd7 22. Ng3 Rh7 23. Ne4 Rch8 24. h3 Nxb2 25. Kh2 Bh4 26. Nc5+ Ke7 27. Qxb2 Bxf2 28. Rxf2 Rc8 29. Nd3 Rc4 30. Rxc4 Qxc4 31. Nc5 a5 32. Nb7 Qa4 33. Nd6 b4 34. axb4 axb4 35. Qc2 Qd7 36. Qxh7 1-0

[Event "Bagnara Calabra op-B"]
[Site "Bagnara Calabra"]
[Date "2009.01.05"]
[Round "6"]
[White "Ambalagi, Salvatore"]
[Black "Tralongo, Roberto"]
[Result "0-1"]
[WhiteElo "1440"]
[BlackElo "1440"]
[PlyCount "46"]
[EventDate "2009.01.02"]
[EventType "swiss"]
[EventRounds "7"]
[EventCountry "ITA"]
[SourceTitle "CBM 128 Extra"]
[Source "ChessBase"]
[SourceDate "2009.03.05"]
[SourceVersion "2"]
[SourceVersionDate "2009.03.25"]
[SourceQuality "1"]

1. e4 c5 2. d3 d6 3. g3 e5 4. Bg2 Nf6 5. Nf3 h6 6. b3 Nc6 7. Bb2 Be7 8. 0-0 Be6 9. Nc3 a6 10. Qd2 Qd7 11. Rae1 Bh3 12. Nh4 Bxg2 13. Nxg2 Nd4 14. f3 Qh3 15. Ne2 0-0 16. f4 Nd7 17. fxe5 dxe5 18. c3 Bg5 19. Qd1 Nxe2+ 20. Qxe2 Nf6 21. c4 Ng4 22. Rf3 Qxh2+ 23. Kf1 Qh1# 0-1

[Event "Bagnara Calabra op-B"]
[Site "Bagnara Calabra"]
[Date "2009.01.03"]
[Round "2"]
[White "Tralongo, Roberto"]
[Black "Soluri, Francesco"]
[Result "0-1"]
[WhiteElo "1440"]
[BlackElo "1485"]
[PlyCount "64"]
[EventDate "2009.01.02"]
[EventType "swiss"]
[EventRounds "7"]
[EventCountry "ITA"]
[SourceTitle "CBM 128 Extra"]
[Source "ChessBase"]
[SourceDate "2009.03.05"]
[SourceVersion "2"]
[SourceVersionDate "2009.03.25"]
[SourceQuality "1"]

1. Nf3 d5 2. d4 Nf6 3. c4 e6 4. Bg5 Nbd7 5. e3 Be7 6. Nc3 c6 7. Bd3 0-0 8. 0-0 dxc4 9. Bxc4 Nb6 10. Bd3 Nbd5 11. Ne2 Qc7 12. Rc1 Bd6 13. Bxf6 Nxf6 14. e4 e5 15. Bb1 Bg4 16. Qd3 Bxf3 17. Qxf3 exd4 18. Nxd4 Bxh2+ 19. Kh1 Be5 20. Nb5 Qb6 21. Nc3 Rad8 22. Qf5 Bxc3 23. bxc3 Rd2 24. e5 g6 25. Qxf6 Qb2 26. e6 fxe6 27. Qxe6+ Kg7 28. Rcd1 Rf6 29. Rxd2 Qxd2 30. Qe7+ Rf7 31. Qe3 Qxe3 32. fxe3 Rxf1+ 0-1